the different female pop singers - Statistics

General Stats
  • This quiz has been taken 37 times
  • The average score is 14 of 16
Answer Stats
Picture Answer % Correct
Ariana Grande
100%
Beyoncé
100%
Lady Gaga
100%
Rihanna
100%
Taylor Swift
100%
Sabrina Carpenter
97%
Katy Perry
94%
Billie Eilish
91%
Dua Lipa
91%
Olivia Rodrigo
85%
Shakira
85%
Lana Del Rey
74%
Chapell Roan
71%
Charli xcx
65%
Tate Mcrae
56%
Zara Larsson
56%
No matching quizzes found
Score Distribution
Percent of People with Each Score
Percentile by Number Answered
Your Score History
You have not taken this quiz